| 000 | 01094nac a22003011u 4500 | ||
|---|---|---|---|
| 003 | EG-ScBUE | ||
| 005 | 20220912103815.0 | ||
| 008 | 110508t2002 enka f b 001 0 eng d | ||
| 020 | _a0860787052 (acid-free paper) | ||
| 040 |
_aEG-ScBUE _beng _erda _cEG-ScBUE _dEG-ScBUE |
||
| 082 | 0 | 4 |
_a704.94897 _bEAR _222 |
| 245 | 0 | 0 |
_aEarly Islamic art and architecture / _cedited by Jonathan M. Bloom. |
| 264 | 1 |
_aHampshire, Great Britain ; _aBurlington, USA : _bAshgate Publishing Limited, _c[2002] |
|
| 264 | 4 | _cc2002 | |
| 300 |
_axxxii, 420 pages, [18] pages of plates : _billustrations ; _c26 cm. |
||
| 336 |
_2rdacontent _atext _btxt |
||
| 337 |
_2rdamedia _aunmediated _bn |
||
| 338 |
_2rdacarrier _avolume _bnc |
||
| 490 | 0 |
_aThe formation of the classical Islamic world ; _vvolume 23 |
|
| 504 | _aIncludes bibliographical references and index. | ||
| 650 | 7 |
_aArt, Islamic. _923672 _2BUEsh |
|
| 650 | 7 |
_aArchitecture, Islamic. _923673 _2BUEsh |
|
| 651 | _2BUEsh | ||
| 653 | _bART | ||
| 655 |
_vReading book _934232 |
||
| 700 | 1 |
_aBloom, Jonathan _q(Jonathan M.). _eeditor. _923674 |
|
| 942 |
_cBB _2ddc |
||
| 999 |
_c4031 _d4031 |
||